Overwatch Jumbled Heroes - Statistics

General Stats
  • This quiz has been taken 464 times
  • The average score is 24 of 25
Answer Stats
Jumbled Hero Hero % Correct
Domfsti Doomfist
100%
Gjeni Genji
99%
Arahph Pharah
98%
Bsaiotn Bastion
97%
Unkrjat Junkrat
97%
Earepr Reaper
97%
76 Soidler Soldier 76
97%
MaerkWdiow Widowmaker
97%
Naa Ana
96%
Vda Dva
96%
Ime Mei
96%
Symtrema Symmetra
96%
Tojbrrno Torbjorn
96%
Wnsonti Winston
96%
Brsoma Sombra
95%
Zyara Zarya
95%
Zahno Hanzo
94%
Cuiol Lucio
94%
Cymer Mercy
93%
Hardreitn Reinhardt
93%
Yazttaen Zenyatta
93%
Certra Tracer
90%
Saori Orisa
89%
Horadgo Roadhog
88%
Remcec Mccree
83%
No matching quizzes found
Score Distribution
Percent of People with Each Score
Percentile by Number Answered
Your Score History
You have not taken this quiz